| 000 | 01127nam a22002777a 4500 | ||
|---|---|---|---|
| 003 | dpl | ||
| 005 | 20180630145618.0 | ||
| 008 | 180630b xxu||||| |||| 00| 0 eng d | ||
| 010 | _aB-023352, B-023367 | ||
| 020 |
_c150.00 _a818513961 |
||
| 035 | _aB-023352 | ||
| 037 | _bCen Lib/Ret | ||
| 040 |
_aDPL _bHN _c0 |
||
| 082 |
_aउ _bशर्माशि |
||
| 100 |
_aशर्मा, शिव _969095 |
||
| 245 |
_aबजरंगा : _cशिव शर्मा _bव्यंग्य उपन्यास / |
||
| 246 |
_aBajrangaa : vyanagya upanyas / _bby Shiv Sharma |
||
| 260 |
_aबिजनौर _bहिंदी साहित्य मिकेतन _c2000 |
||
| 270 |
_a16 साहित्य विहार _bबिजनौर |
||
| 300 |
_a189पृ. _c21सेमी (सजिल्द ) |
||
| 650 |
_aहिंदी साहित्य _x _z _969096 |
||
| 650 |
_aहिंदी साहित्य _v _xउपन्यास _969097 |
||
| 650 |
_aHindi literature _969098 |
||
| 650 |
_aHindi literature _xfiction _969099 |
||
| 942 |
_2ddc _cHN _hउ _mशर्माशि |
||
| 999 |
_c116932 _d116932 |
||